000 01228nam a2200205Ia 4500
001 b7079-51387
003 IT-MiCISF
008 161014s9999||||xx |||||||||||||| ||und||
040 _aIT-MiCISF
_cIT-MiCISF
041 _aIT
100 _aTeselli Anna
245 0 _aL'efficacia della formazione professionale per i giovani
_bVerso un modello nazionale di valutazione
250 _a1a ed.
260 _a Roma
_bDonzelli
_c2011
300 _app. 232
500 _a / lavoro, diritto, scuola, formazione / I giovani italiani si trovano sottoposti a crescenti difficoltà di inserimento nel mondo del lavoro. Tra i fattori che rendono il percorso di transizione scuola-formazione-lavoro particolarmente arduo ci sono anche le caratteristiche dei sistemi di istruzione e formazione. Il volume presenta i risultati del progetto Forma, un sistema informativo di monitoraggio nazionale capace di analizzare gli esiti dei giovani che hanno raggiunto una qualifica professionale nei percorsi triennali cosiddetti di «diritto-dovere», in termini di posizionamento occupazionale e di completamento del ciclo di istruzione secondaria.
650 _a Famiglia nella società / lavoro
_e006
942 _cBK
957 _71
999 _a51387
_bsi
_g1
_c209901
_d209901